| 000 | 00695nac a22001931u 4500 | ||
|---|---|---|---|
| 010 | _a 2001098208 | ||
| 020 | _a0672323710 | ||
| 035 | _a(DLC) 2001098208 | ||
| 082 | 0 | 0 |
_a006.6/96 _bK395 |
| 090 |
_c395 _d395 |
||
| 100 | _aKerman, Phillip. | ||
| 245 | 1 | 0 |
_aSams teach yourself Macromedia Flash MX in 24 hours / _cPhillip Kerman. |
| 260 |
_aIndianapolis, IN : _bSams, _c2002. |
||
| 300 |
_axvii, 600 p. : _bill. ; _c23 cm. |
||
| 650 | 0 | _aComputer animation. | |
| 650 | 0 |
_aWeb sites _xDesign. |
|
| 942 |
_cBB _k006.696K395 |
||
| 999 |
_c395 _d395 |
||